Le soutien de la vie chrétienne ou motifs de se mantenier dans la pratique de la religión et de la vertu

Detalles Bibliográficos
Autor principal: NAU (Abad)
Formato: Libro
Publicado: París/Lyon 1861
Materias:
Colección:Banco de datos
Acervo:Biblioteca Nacional de Antropología e Historia. Fondo Conventual
Descripción Física:t. II
Tema general:Ascética
Notas:Buena. XIV, 7, 20. Encuadernado con el tomo I de la misma obra. Impreso en Corbeil por Crété.
LEADER 00784nam a22002050004500
035 |a 6586 
036 |a 1191 
100 1 |a NAU (Abad) 
245 1 0 |a Le soutien de la vie chrétienne ou motifs de se mantenier dans la pratique de la religión et de la vertu 
260 |a París/Lyon  |b Hermanos Perisse  |c 1861 
300 |a t. II 
500 |a Buena. XIV, 7, 20. Encuadernado con el tomo I de la misma obra. Impreso en Corbeil por Crété. 
650 1 0 |a Ascética 
949 |a B.N.A.H. 
959 |a Biblioteca Nacional de Antropología e Historia. Ciudad de México  |b CCC1 
960 |a Seminario de Morelia  |b DD56 
961 |a Casa de formación del Clero Secular  |b CS 
942 |c B.N.A.H. 
943 |g Biblioteca Nacional de Antropología e Historia. Fondo Conventual 
999 |c 1031118  |d 1031118